Regionalismo y movilización ciudadana: la huelga de pagos de Cartago de 1962 /
El artículo tiene como tema central el regionalismo y la movilización de la ciudadanía en contra del pago del servicios públicos, y los lamentables hechos ocurridos en la cuidad de Cartago en la huelga de pagos en el año 1962. La disputa por los servicios giraba en torno al valor, calidad y la insti...
Сохранить в:
| Главный автор: | |
|---|---|
| Формат: | Текст |
| Язык: | Spanish |
| Предметы: | |
| Метки: |
Добавить метку
Нет меток, Требуется 1-ая метка записи!
|
MARC
| LEADER | 00000 a a2200000 04500 | ||
|---|---|---|---|
| 001 | 15656 | ||
| 003 | cru CIDCACS/IIS | ||
| 005 | 20171129082200.0 | ||
| 008 | 171129b xxu||||| |||| 00| 0 spa d | ||
| 999 | |c 35851 |d 35851 | ||
| 040 | |c cru CIDCACS/IIS | ||
| 100 | |a Alvarenga Venutolo, Patricia | ||
| 245 | |a Regionalismo y movilización ciudadana: |b la huelga de pagos de Cartago de 1962 / |c Patricia Alvarenga Venutolo | ||
| 520 | |a El artículo tiene como tema central el regionalismo y la movilización de la ciudadanía en contra del pago del servicios públicos, y los lamentables hechos ocurridos en la cuidad de Cartago en la huelga de pagos en el año 1962. La disputa por los servicios giraba en torno al valor, calidad y la institución que debía controlar los mismos; estas luchas generaron una amplia movilización de la ciudadanía, convocando una pluralidad de sectores sociales, mayoritariamente subalternos. Se planteo como temas importantes la nacionalización de la distribución eléctrica y modalidades alternativas de desarrollo y administración de los servicios públicos, siendo que el Estado en expansión se enfrentó a recurrentes resistencias locales y regionales. La huelga de pagos en Cartago, tuvo efectivas estrategias de resistencia que posibilitaron prolongarla de manera inusual, a lo cual se sumo la impresionante cohesión de la ciudadanía, los discursos regionalistas expresados desde la radio, la distancia tomada por los lideres de las organizaciones de izquierda y la inusitada represión por parte del gobierno de Francisco Orlich, lo cual conmovió a la nación. KDV/291117 | ||
| 650 | |a SERVICIOS PUBLICOS | ||
| 650 | |a ELECTRICIDAD | ||
| 650 | |a HUELGAS | ||
| 650 | |a HISTORIA | ||
| 650 | |a CIUDADANIA | ||
| 650 | |a MOVILIZACION SOCIAL | ||
| 650 | |a MOVIMIENTOS SOCIALES | ||
| 650 | |a INTERVENCION DEL ESTADO | ||
| 650 | |a REPRESION | ||
| 650 | |a AGRESION | ||
| 650 | |a CONFLICTOS SOCIALES | ||
| 650 | |a NOTICIAS DE PRENSA | ||
| 650 | |a INFORMACION | ||
| 650 | |a MANIPULACION | ||
| 650 | 0 | |a IZQUIERDA |9 4498 | |
| 650 | 1 | 0 | |a REGIONALIZACIÓN |9 2839 |
| 773 | |g número 46; páginas 185-231 | ||
| 942 | |2 ddc |c PP | ||
